000 00516nam a2200181Ia 4500
008 090124s9999 xx 000 0 und d
082 _b131116
100 _aवर्दे दीपा
245 _a रक्षक ( गूढकथा )
250 _a1
260 _c2002
300 _a135
600 _aवर्दे दीपा
630 _a रक्षक ( गूढकथा )
700 _aवर्दे दीपा
730 _a रक्षक ( गूढकथा )
942 _cBOOK
999 _c177205
_d177205